000 00930nam a22002177a 4500
005 20250328154030.0
008 250328b |||||||| |||| 00| 0 eng d
037 _c978-93-81923-78-8 (hbk)
040 _aCRL
_cCRL
041 _2hin
_ahin
084 _aO152,1N50x Q4
_qCRL
100 _aनागर, विष्णु
245 _aजीवन भी कविता हो सकता है
260 _aगाज़ियाबाद, भारत:
_bअंतिका प्रकाशन,
_c2014
300 _a136पृ0
365 _b275.00
_cINR
650 _aहिन्दी कविता
650 _aहिन्दी साहित्य
942 _2CC
_cTB
_hO152,1N50x Q4
_n0
999 _c1308273
_d1308273